000 01078cam a2200253 4500
001 ##J119632
008 #DATE n2002 000 0 eng u
035 _a(Sirsi) u119632
041 0 _aeng
050 0 4 _a692.9 $2 18
110 2 _aRoyal Institute of British Architects
_92527
240 0 0 _aESA/1 02
245 0 0 _aESA/1
_bRIBA/SECG Form of Employer/Specialist Agreement 2002 Edition
_bfor use between the Employer and a Specialist to be named under the JCT Intermediate Form of Building Contract 1998 Edition (IFC 98)
260 _aLondon
_bRIBA Enterprises
_c2002
300 _a41p.
_c30cm.
350 _a10
490 _aRIBA/SECG Form of Employer Specialist Agreement (2002 Edition)
650 2 4 _aJCT INTERMEDIATE FORM OF BUILDING CONTRACT FOR WORKS OF SIMPLE CONTENT (1998 EDITION)
650 2 4 _aRIBA/SECG FORM OF EMPLOYER/SPECIALIST AGREEMENT (2002 EDITION)
651 4 _aUnited Kingdom
_y
690 _aBUILT ENVIRONMENT-BUILDING CONTRACT FORMS-STANDARD FORMS OF BUILDING CONTRACT
710 2 _aSpecialist Engineering Contractors' Group
_94302
942 _n0
999 _c102351
_d102351